000 01589nam0a2200361 4500
001 RU\NLR\bibl\968047
005 20250614210335.0
010 _a5-472-01181-7
_93000
021 _aRU
_b2006-30698
_91528
035 _a(nilc)RSL-KNO-002890592
035 _a(NLR Aleph) 000956023
090 _a309688
_c309688
100 _a20060524d2006 |||y0rusy50 ca
101 0 _arus
102 _aRU
105 _aa |||||||||
106 _ar
200 1 _aИнтеграция финансовых услуг
_e[интеграц. процессы на рынке финансовых услуг, анализ мирового рынка слияний/поглощений в сфере финансовых услуг, метод. подходы к планированию и реализации сделки слияния/поглощения]
_fА. И. Дрогобыцкий
210 _aМосква
_cЭкзамен
_d2006
215 _a157, [1] с.
_cил.
_d20
320 _aБиблиогр. в конце кн. (25 назв.)
606 1 _aУслуги финансовые
_92187867
_3RU\NLR\auth\661315355
610 0 _aЭкономика -- Мировая экономика -- Финансы -- Интеграция
610 0 _aслияние организаций
686 _aУ526-43,0
_2rubbk
686 _aУ26(0)
700 1 _aДрогобыцкий
_bА. И.
_gАндрей Иванович
_4070
801 0 _aRU
_bРКП
_c20060524
_grcr
801 1 _aRU
_bРГБ
_c20060524
801 2 _aRU
_bNLR
_c20060717
_grcr
942 _cBOOK
980 _aNB